Քավուր / (Record no. 535477)
[ view plain ]
| 000 -LEADER | |
|---|---|
| fixed length control field | 01284nam a2200217 a 4500 |
| 001 - CONTROL NUMBER | |
| control field | 2023460 |
| 003 - CONTROL NUMBER IDENTIFIER | |
| control field | AM-YeHGA |
| 005 - DATE AND TIME OF LATEST TRANSACTION | |
| control field | 20251017091657.0 |
| 008 - FIXED-LENGTH DATA ELEMENTS--GENERAL INFORMATION | |
| fixed length control field | 250619s1872 tu ||||||||||||||0|arm|d |
| 040 ## - CATALOGING SOURCE | |
| Original cataloging agency | AM-YeHGA |
| 041 0# - LANGUAGE CODE | |
| Language code of text/sound track or separate title | arm |
| 100 1# - MAIN ENTRY--PERSONAL NAME | |
| Personal name | Յովակիմեան, Ղ. |
| 245 10 - TITLE STATEMENT | |
| Title | Քավուր / |
| Statement of responsibility, etc. | Ղ. Յովակիմեան. |
| 260 ## - PUBLICATION, DISTRIBUTION, ETC. | |
| Place of publication, distribution, etc. | Կ. Պօլիս : |
| Name of publisher, distributor, etc. | տպ. Յ. Գավաֆեան, |
| Date of publication, distribution, etc. | 1872. |
| 300 ## - PHYSICAL DESCRIPTION | |
| Extent | (4 գիրք 1 կազմում) ; 92 էջ |
| 500 ## - GENERAL NOTE | |
| General note | Ալիգ 3 |
| 501 ## - WITH NOTE | |
| With note | Կազմակից է՝ Յայտարարութիւն անցից Մուրատեան Վարժարանին : Հրատարակեալ ի ձեռն հարց Սարգսի Վ. Թէոդորեան, Գաբրիէլի Վ. Այվազովսքի, եւ Ամբրոսեայ Վ. Գալֆայեան - Փարիզ : Գրանոց Ճ. Արամեան : 1855 ; Աբբա՝ Ճիզվիթն : Հատոր Ա : Թարգմ. ի գաղղ.՝ Յ.Յ. Աթթարեան - Կ. Պօլիս : տպ. Ռ.Յ. Քիւրքճեան : 1870 ; Տօլստօյ Լ.՝ Կրէյցէրեան սօնատ : Թարգմ.՝ Խ. վրդ. Ստեփանէ - Կ. Պոլիս : Գ. Պաղտատլեան գրատան հրատ. : 1893 |
| 650 14 - SUBJECT ADDED ENTRY--TOPICAL TERM | |
| Topical term or geographic name entry element | Պատմություն |
| Geographic subdivision | Իտալիա |
| 650 14 - SUBJECT ADDED ENTRY--TOPICAL TERM | |
| Topical term or geographic name entry element | Քաղաքական գործիչներ |
| 942 ## - ADDED ENTRY ELEMENTS (KOHA) | |
| Source of classification or shelving scheme | Universal Decimal Classification |
| Koha item type | Գրքեր / Books |
| Withdrawn status | Lost status | Source of classification or shelving scheme | Damaged status | Not for loan | Collection | Home library | Current library | Date acquired | Serial enumeration / chronology | Inventory number | Total checkouts | Full call number | Barcode | Date last seen | Price effective from | Koha item type | Public note |
|---|---|---|---|---|---|---|---|---|---|---|---|---|---|---|---|---|---|
| Universal Decimal Classification | Zhamkochyan Individual collection | Fundamental Scientific Library | Fundamental Scientific Library | 19/06/2025 | Ալիգ 3 | ժամ/2215 | Ժամ/866 | FL0690659 | 19/06/2025 | 19/06/2025 | Գրքեր / Books | ILL Non-Circ. |
ՀՀ Գիտությունների ազգային ակադեմիայի հիմնարար գիտական գրադարան = Fundamental Scientific Library of NAS RA
All site content, except where otherwise noted, is licensed under a